000 00493 a2200169 4500
003 OSt
005 20250610101555.0
008 230823b |||||||| |||| 00| 0 eng d
020 _a9789389552003
040 _coclc
082 _a346
_bAGG/L
100 1 _aAggarwal, Rashmi,
_d1974-
_99346
245 _aLEGAL ASPECTS OF BUSINESS /
_cRashmi Aggarwal, Rajinder Kaur
260 _aNoida:
_bPearson,
_c2023.
300 _a358 p
942 _2ddc
_cBK
_h346
_iAGG/L
_k346
_mAGG/L
999 _c41962
_d41962